[Event "Porto San Giorgio op"]
[Site "Porto San Giorgio"]
[Date "2019.08.31"]
[Round "9"]
[White "Piangerelli, Michele"]
[Black "Pierantozzi, Stanislao"]
[Result "1-0"]
[WhiteElo "1868"]
[BlackElo "1926"]
[PlyCount "117"]
[EventDate "2019.08.24"]
[EventType "swiss"]
[EventRounds "9"]
[EventCountry "ITA"]
[SourceTitle "EXT 2020"]
[Source "ChessBase"]
[SourceDate "2019.10.17"]
[SourceVersion "1"]
[SourceVersionDate "2019.10.17"]
[SourceQuality "1"]

1. c4 e5 2. e3 Nf6 3. Nc3 Nc6 4. a3 d5 5. cxd5 Nxd5 6. Nge2 Be7 7. Nxd5 Qxd5 8. Nc3 Qe6 9. Qc2 0-0 10. Nb5 Bd8 11. Bc4 Qg4 12. Bf1 Be6 13. h3 Qh4 14. g3 Qh5 15. Be2 Qg5 16. h4 Qe7 17. Bd3 h6 18. Be4 Qd7 19. Bxc6 bxc6 20. Nc3 f5 21. d3 Be7 22. Ne2 Rad8 23. d4 Qd5 24. Rg1 Bf6 25. dxe5 Bxe5 26. Nf4 Bxf4 27. gxf4 Qf3 28. Bd2 Rd7 29. Bc3 Rfd8 30. Qe2 Bd5 31. Rg3 Qh1+ 32. Qf1 Bf3 33. Bd4 Rxd4 34. exd4 Rxd4 35. Qxh1 Bxh1 36. Ke2 Bd5 37. Rag1 Rxf4 38. Rxg7+ Kf8 39. Rxc7 a6 40. Rgg7 Rxh4 41. Rh7 Kg8 42. Rhd7 Re4+ 43. Kd3 Re8 44. Rg7+ Kf8 45. Rh7 Kg8 46. Rxh6 Be4+ 47. Kd4 Rd8+ 48. Ke5 Re8+ 49. Re6 Rf8 50. Ree7 Rd8 51. Rcd7 Rb8 52. Rg7+ Kh8 53. Rh7+ Kg8 54. Rdg7+ Kf8 55. Rb7 Rxb7 56. Rxb7 Ke8 57. Ke6 Kd8 58. Kd6 Kc8 59. Rb6 1-0

[Event "Porto San Giorgio op"]
[Site "Porto San Giorgio"]
[Date "2019.08.25"]
[Round "3"]
[White "Liguori, Renato"]
[Black "Pierantozzi, Stanislao"]
[Result "1-0"]
[WhiteElo "2024"]
[BlackElo "1926"]
[PlyCount "131"]
[EventDate "2019.08.24"]
[EventType "swiss"]
[EventRounds "9"]
[EventCountry "ITA"]
[SourceTitle "EXT 2020"]
[Source "ChessBase"]
[SourceDate "2019.10.17"]
[SourceVersion "1"]
[SourceVersionDate "2019.10.17"]
[SourceQuality "1"]

1. d4 Nf6 2. c4 e6 3. Nc3 d5 4. Bg5 Be7 5. e3 0-0 6. Nf3 a6 7. Rc1 dxc4 8. Bxc4 b5 9. Bd3 Bb7 10. 0-0 Nbd7 11. a3 h6 12. Bh4 c5 13. dxc5 Nxc5 14. Be2 Qb6 15. b4 Rfd8 16. Qc2 Nce4 17. Nxe4 Bxe4 18. Qc7 Qxc7 19. Rxc7 Bd6 20. Rc3 Nd5 21. Rcc1 Rdc8 22. Nd2 Bg6 23. Bf3 Be5 24. e4 Nb6 25. Rc5 Bb2 26. Nb1 Rxc5 27. bxc5 Nc4 28. Rd1 Rc8 29. Be7 Rc7 30. Rd8+ Kh7 31. Bf8 Nxa3 32. Bd6 Ra7 33. Bb8 Ra8 34. Nxa3 Bf6 35. e5 Bxd8 36. Bxa8 b4 37. Nc4 Bd3 38. Nb2 Bb5 39. c6 a5 40. c7 Bxc7 41. Bxc7 a4 42. Bd6 a3 43. Be4+ Kg8 44. Bb1 f6 45. Bxb4 axb2 46. Bc3 Kf7 47. Bxb2 Bc4 48. f4 Bd5 49. g4 Bf3 50. h3 h5 51. g5 f5 52. Kf2 Bd5 53. h4 g6 54. Ke3 Ke8 55. Kd4 Kd7 56. Kc5 Bb3 57. Bd3 Bd5 58. Bb5+ Ke7 59. Bc3 Bb7 60. Ba5 Bd5 61. Bc7 Bb7 62. Bd6+ Kf7 63. Kb6 Bd5 64. Kc7 Ba2 65. Kd8 Bb3 66. Be8+ 1-0

[Event "Ascoli op 3rd"]
[Site "Ascoli"]
[Date "2019.05.31"]
[Round "1"]
[White "Pierantozzi, Stanislao"]
[Black "Bettalli, Francesco"]
[Result "0-1"]
[WhiteElo "1953"]
[BlackElo "2161"]
[PlyCount "56"]
[EventDate "2019.05.31"]
[EventType "swiss"]
[EventRounds "5"]
[EventCountry "ITA"]
[SourceTitle "EXT 2020"]
[Source "ChessBase"]
[SourceDate "2019.10.17"]
[SourceVersion "1"]
[SourceVersionDate "2019.10.17"]
[SourceQuality "1"]

1. e4 c5 2. Nf3 Nc6 3. Bb5 g6 4. Bxc6 dxc6 5. d3 Bg7 6. 0-0 Nf6 7. Nbd2 0-0 8. Qe2 Ne8 9. Re1 e5 10. b3 Nc7 11. Bb2 f6 12. c3 Ne6 13. Qe3 Nf4 14. d4 Bh6 15. Kh1 Kg7 16. dxe5 fxe5 17. Ba3 b6 18. Bxc5 bxc5 19. Qxc5 Nd3 20. Qxc6 Nxe1 21. Qxa8 Bxd2 22. Nxe1 Bxc3 23. Rb1 Qb6 24. Qd5 Qxf2 25. h3 Bxe1 26. Qxe5+ Kh6 27. Rb2 Qf1+ 28. Kh2 Bf2 0-1

[Event "Porto Sant Elpidio op 21st"]
[Site "Porto Sant Elpidio"]
[Date "2018.11.25"]
[Round "4.5"]
[White "Gravina, Giuseppe"]
[Black "Pierantozzi, Stanislao"]
[Result "0-1"]
[WhiteElo "1597"]
[BlackElo "1977"]
[PlyCount "108"]
[EventDate "2018.11.23"]
[EventType "swiss"]
[EventRounds "5"]
[EventCountry "ITA"]
[SourceTitle "EXT 2024"]
[Source "ChessBase"]
[SourceDate "2023.10.10"]
[SourceVersion "1"]
[SourceVersionDate "2023.10.10"]
[SourceQuality "1"]

1. d4 Nf6 2. c4 e5 3. dxe5 Ng4 4. Bf4 Nc6 5. Nf3 Bb4+ 6. Nc3 Qe7 7. Qd5 f6 8. e6 g5 9. Bg3 dxe6 10. Qb5 a6 11. Qa4 Bd7 12. Qc2 0-0-0 13. e3 h5 14. h4 Rdg8 15. 0-0-0 Be8 16. Bd3 gxh4 17. Nxh4 Nxe3 18. fxe3 Rxg3 19. Ng6 Bxg6 20. Bxg6 h4 21. Be4 Qc5 22. Bxc6 Qxc6 23. Ne4 Rg6 24. Nd6+ Bxd6 25. Qxg6 Qxc4+ 26. Kb1 Be5 27. Qd3 Qg4 28. Qd7+ Kb8 29. Qd2 Rg8 30. a3 Qe4+ 31. Qc2 Qxe3 32. Rxh4 Qg3 33. Rb4 Qxg2 34. Qd3 Qg6 35. Qxg6 Rxg6 36. Rd8+ Ka7 37. Re8 f5 38. Rb3 Bd6 39. Kc2 e5 40. Kd1 b6 41. Re3 Kb7 42. b4 Kc6 43. Kc2 f4 44. Rd3 Rg2+ 45. Kc3 Ra2 46. Kb3 Ra1 47. Re6 Re1 48. Rc3+ Kd7 49. Rg6 e4 50. Kc4 e3 51. Kd5 Rd1+ 52. Ke4 e2 53. Rg7+ Ke6 54. Rg6+ Kf7 0-1

[Event "Porto Sant Elpidio op 21st"]
[Site "Porto Sant Elpidio"]
[Date "2018.11.25"]
[Round "5.4"]
[White "Pierantozzi, Stanislao"]
[Black "Pocognoli, Gianfranco"]
[Result "1-0"]
[WhiteElo "1977"]
[BlackElo "1675"]
[PlyCount "61"]
[EventDate "2018.11.23"]
[EventType "swiss"]
[EventRounds "5"]
[EventCountry "ITA"]
[SourceTitle "EXT 2024"]
[Source "ChessBase"]
[SourceDate "2023.10.10"]
[SourceVersion "1"]
[SourceVersionDate "2023.10.10"]
[SourceQuality "1"]

1. e4 e6 2. d4 d5 3. Nc3 Nf6 4. Bg5 Be7 5. e5 Nfd7 6. Bxe7 Qxe7 7. f4 a6 8. Nf3 c5 9. Bd3 cxd4 10. Nxd4 Qb4 11. Nde2 Qxb2 12. Rb1 Qa3 13. 0-0 Qe7 14. Kh1 0-0 15. Nd4 Nc5 16. f5 exf5 17. Nxd5 Qxe5 18. Nxf5 Nc6 19. Nb6 Rb8 20. Nxc8 Rbxc8 21. Qg4 Qf6 22. Ng3 Qd8 23. Bf5 Rb8 24. Rbd1 Qc7 25. Nh5 g6 26. Nf6+ Kg7 27. Qh4 Rh8 28. Bd7 Nxd7 29. Nxd7 Rbd8 30. Qf6+ Kh6 31. Rf3 1-0

[Event "Porto San Giorgio op 28th"]
[Site "Porto San Giorgio"]
[Date "2018.08.31"]
[Round "9"]
[White "Pierantozzi, Stanislao"]
[Black "Donati, Michele"]
[Result "1-0"]
[WhiteElo "1964"]
[BlackElo "1955"]
[PlyCount "125"]
[EventDate "2018.08.24"]
[EventType "swiss"]
[EventRounds "9"]
[EventCountry "ITA"]
[SourceTitle "CBM 186 Extra"]
[Source "ChessBase"]
[SourceDate "2018.08.24"]
[SourceVersion "1"]
[SourceVersionDate "2018.08.24"]
[SourceQuality "1"]

1. e4 c5 2. Nf3 e6 3. d4 cxd4 4. Nxd4 a6 5. Nc3 Qc7 6. Be2 Nf6 7. 0-0 Be7 8. Be3 0-0 9. f4 d6 10. Kh1 Nbd7 11. Bf3 Nb6 12. Nce2 Nc4 13. Bc1 e5 14. Nb3 Ng4 15. Qd3 b5 16. h3 Nf6 17. Nd2 Bb7 18. b3 Nb6 19. Bb2 Rac8 20. Rac1 Nbd7 21. c4 Nc5 22. Qe3 bxc4 23. Rxc4 a5 24. Rcc1 Qb8 25. Rfd1 Rfe8 26. fxe5 dxe5 27. Ng3 Ne6 28. Nc4 Bc5 29. Qe1 Nd4 30. Qxa5 Rc6 31. Bxd4 Bxd4 32. Qe1 Qa7 33. Nf5 g6 34. Nxd4 exd4 35. e5 Ra6 36. Bxb7 Qxb7 37. Qf2 Ne4 38. Qxd4 Rxa2 39. Kh2 h5 40. Re1 Rxg2+ 41. Kxg2 Ng5+ 42. Re4 Nxe4 43. Kg1 Ng5 44. Qe3 Nf3+ 45. Kf2 Nh4 46. Rg1 Nf5 47. Qd3 Qa7+ 48. Kg2 Nh4+ 49. Kf1 Qa1+ 50. Kf2 Qa2+ 51. Kg3 Nf5+ 52. Kf3 Qh2 53. Re1 Qxh3+ 54. Ke2 Qg4+ 55. Kd2 Nd4 56. Kc3 Nb5+ 57. Kb2 Qg2+ 58. Re2 Qa8 59. e6 f5 60. Qd7 Qb8 61. Qf7+ Kh8 62. Qxg6 Nd4 63. Qh6+ 1-0

[Event "Porto San Giorgio op 28th"]
[Site "Porto San Giorgio"]
[Date "2018.08.26"]
[Round "4"]
[White "Pierantozzi, Stanislao"]
[Black "De Carlo, Fabio"]
[Result "0-1"]
[WhiteElo "1964"]
[BlackElo "1942"]
[PlyCount "72"]
[EventDate "2018.08.24"]
[EventType "swiss"]
[EventRounds "9"]
[EventCountry "ITA"]
[SourceTitle "CBM 186 Extra"]
[Source "ChessBase"]
[SourceDate "2018.08.24"]
[SourceVersion "1"]
[SourceVersionDate "2018.08.24"]
[SourceQuality "1"]

1. e4 c5 2. Nf3 a6 3. Nc3 d6 4. b3 Nc6 5. Bb2 e6 6. g3 Nf6 7. Bg2 Be7 8. 0-0 0-0 9. d3 Qc7 10. Ng5 h6 11. Nh3 e5 12. f4 b5 13. f5 b4 14. Ne2 a5 15. Nf2 a4 16. Rb1 Nd4 17. g4 Bb7 18. Ng3 d5 19. h3 c4 20. exd5 axb3 21. axb3 c3 22. d6 Bxd6 23. Bxb7 Qxb7 24. Nfe4 Nxe4 25. Nxe4 Qb6 26. Bc1 Nxc2+ 27. Kh1 Ne3 28. Bxe3 Qxe3 29. Qf3 Qxf3+ 30. Rxf3 Rfd8 31. h4 Ra2 32. Rf2 Rxf2 33. Nxf2 Be7 34. g5 hxg5 35. h5 Bc5 36. Ne4 Be3 0-1

[Event "Montesilvano Promenade op 1st"]
[Site "Montesilvano"]
[Date "2015.01.06"]
[Round "6"]
[White "Pierantozzi, Stanislao"]
[Black "Calavalle, Giulio"]
[Result "0-1"]
[WhiteElo "2058"]
[BlackElo "2208"]
[PlyCount "116"]
[EventDate "2015.01.03"]
[EventType "swiss"]
[EventRounds "6"]
[EventCountry "ITA"]
[SourceTitle "CBM 164 Extra"]
[Source "ChessBase"]
[SourceDate "2015.03.02"]
[SourceVersion "1"]
[SourceVersionDate "2015.03.02"]
[SourceQuality "1"]

1. d4 d5 2. c4 c6 3. Nf3 Nf6 4. Nc3 e6 5. e3 Be7 6. Qc2 Nbd7 7. Be2 dxc4 8. a4 0-0 9. Bxc4 b6 10. 0-0 Bb7 11. Rd1 Qc7 12. Qe2 Rad8 13. e4 e5 14. d5 Nb8 15. Bg5 Nh5 16. Be3 Nf4 17. Bxf4 exf4 18. Rac1 Bc5 19. Bb3 Ba6 20. Bc4 Bb7 21. Ba2 Qe7 22. Qc2 Na6 23. Bb1 Nb4 24. Qb3 cxd5 25. exd5 Qf6 26. Ne4 Qe7 27. Nxc5 bxc5 28. Qc4 Bxd5 29. Qxf4 Bxf3 30. Qxf3 g6 31. Re1 Qc7 32. h4 Rd4 33. g3 Rd5 34. Rc3 Qd6 35. Rce3 Nc6 36. Ba2 Rf5 37. Qe4 Nd4 38. Kg2 Qf6 39. R1e2 Nxe2 40. Rxe2 Rc8 41. Qb7 Qc6+ 42. Qxc6 Rxc6 43. Bc4 Rc7 44. b3 Kg7 45. Rd2 Re5 46. Rd6 Re4 47. Rd5 Kf6 48. Rd6+ Ke7 49. Rd3 Rd7 50. Rc3 Kd6 51. Bb5 Rde7 52. Rd3+ Rd4 53. Rf3 f5 54. h5 Re1 55. hxg6 hxg6 56. Rc3 Rdd1 57. Rf3 Rg1+ 58. Kh3 Rh1+ 0-1

[Event "Montesilvano Promenade op 1st"]
[Site "Montesilvano"]
[Date "2015.01.05"]
[Round "4"]
[White "Martorelli, Antonio"]
[Black "Pierantozzi, Stanislao"]
[Result "1-0"]
[WhiteElo "2281"]
[BlackElo "2058"]
[PlyCount "85"]
[EventDate "2015.01.03"]
[EventType "swiss"]
[EventRounds "6"]
[EventCountry "ITA"]
[SourceTitle "CBM 164 Extra"]
[Source "ChessBase"]
[SourceDate "2015.03.02"]
[SourceVersion "1"]
[SourceVersionDate "2015.03.02"]
[SourceQuality "1"]

1. e4 d6 2. d4 Nf6 3. Nc3 e5 4. Nge2 Be7 5. f3 c6 6. Be3 b5 7. dxe5 dxe5 8. Qxd8+ Kxd8 9. 0-0-0+ Kc7 10. g4 Be6 11. g5 Nfd7 12. f4 Bc5 13. Bxc5 Nxc5 14. f5 Bc4 15. Ng3 Bxf1 16. Rhxf1 Nbd7 17. h4 a5 18. h5 h6 19. g6 fxg6 20. hxg6 Nf6 21. Rh1 h5 22. Rh4 Rh6 23. Rdh1 Rah8 24. a3 b4 25. Nb1 Nb7 26. Nd2 Nd6 27. Nf3 Ng4 28. Ng5 Nf2 29. Rf1 Ng4 30. Ne6+ Kd7 31. Nxg7 Ke7 32. N7xh5 Nf6 33. g7 Rg8 34. Nxf6 Rxf6 35. Nh5 Rh6 36. f6+ Kf7 37. Rd1 Rd8 38. axb4 axb4 39. b3 Rg6 40. Rh3 Nb7 41. Rxd8 Nxd8 42. Rd3 Ne6 43. Rd7+ 1-0

[Event "ITA-ch B"]
[Site "Civitanova Marche"]
[Date "2012.07.17"]
[Round "3"]
[White "Pierantozzi, Stanislao"]
[Black "Mastroddi, Emiliano"]
[Result "0-1"]
[WhiteElo "1986"]
[BlackElo "2089"]
[PlyCount "150"]
[EventDate "2012.07.15"]
[EventType "swiss"]
[EventRounds "8"]
[EventCountry "ITA"]
[SourceTitle "EXT 2023"]
[Source "ChessBase"]
[SourceDate "2022.10.05"]
[SourceVersion "1"]
[SourceVersionDate "2022.10.05"]
[SourceQuality "1"]

1. d4 Nf6 2. c4 g6 3. Nc3 d5 4. cxd5 Nxd5 5. e4 Nxc3 6. bxc3 Bg7 7. Bc4 c5 8. Ne2 0-0 9. 0-0 Nc6 10. Be3 cxd4 11. cxd4 Bg4 12. f3 Na5 13. Bd3 Be6 14. Qa4 a6 15. Rfc1 b5 16. Qb4 Bc4 17. Bxc4 Nxc4 18. Bf2 e6 19. a4 Qd7 20. axb5 axb5 21. Rd1 Rxa1 22. Rxa1 Rb8 23. Rd1 Bf8 24. Qb3 Na5 25. Qa2 Nc6 26. d5 exd5 27. exd5 b4 28. Qa4 Ne5 29. Qb3 Qb5 30. Ng3 Qc4 31. Qe3 Nd7 32. Ne4 b3 33. Qf4 Rb4 34. Bd4 b2 35. Bxb2 Qe2 36. Qd2 Rxb2 37. Qxe2 Rxe2 38. Kf1 Ra2 39. h3 h6 40. Rb1 f5 41. Nc3 Rc2 42. Ne2 Rd2 43. Nf4 g5 44. Ke1 Rd4 45. Nh5 Rxd5 46. Rb7 Kf7 47. f4 Be7 48. g4 fxg4 49. hxg4 Nc5 50. Ra7 Nd3+ 51. Ke2 Nxf4+ 52. Nxf4 gxf4 53. Kf3 Rd4 54. Rc7 Kf6 55. Ra7 Bd6 56. Ra5 Rd3+ 57. Kf2 Be5 58. Ra8 Bd4+ 59. Ke2 Re3+ 60. Kf1 Kg5 61. Rd8 Bf6 62. Rf8 Ra3 63. Rf7 Rg3 64. Rf8 Rxg4 65. Kf2 Rh4 66. Kg2 Kf5 67. Re8 Rg4+ 68. Kf3 Rg3+ 69. Kf2 Ra3 70. Ke2 Bg5 71. Kf2 Kg4 72. Re4 Ra2+ 73. Kf1 Kf3 74. Re1 Bf6 75. Rd1 Ra1 0-1

[Event "Porto Sant Elpidio op 14th"]
[Site "Porto Sant Elpidio"]
[Date "2011.11.27"]
[Round "6"]
[White "Mazzarini, Daniele"]
[Black "Pierantozzi, Stanislao"]
[Result "1/2-1/2"]
[WhiteElo "1880"]
[BlackElo "1986"]
[PlyCount "75"]
[EventDate "2011.11.19"]
[EventType "swiss"]
[EventRounds "6"]
[EventCountry "ITA"]
[SourceTitle "EXT 2023"]
[Source "ChessBase"]
[SourceDate "2022.10.05"]
[SourceVersion "1"]
[SourceVersionDate "2022.10.05"]
[SourceQuality "1"]

1. d4 Nf6 2. c4 e6 3. Nf3 b6 4. a3 d5 5. cxd5 exd5 6. e3 Bd6 7. Nc3 a6 8. Bd3 0-0 9. 0-0 Bb7 10. b4 Re8 11. b5 axb5 12. Nxb5 Bf8 13. Bb2 c6 14. Nc3 Nbd7 15. Bc2 Ba6 16. Re1 Bc4 17. Nd2 b5 18. Nxc4 dxc4 19. d5 Qb6 20. dxc6 Qxc6 21. Qf3 Qxf3 22. gxf3 Rab8 23. Red1 Nc5 24. Rd4 Nfd7 25. f4 Nf6 26. Kg2 Ne6 27. Rd2 Red8 28. Rad1 Rxd2 29. Rxd2 Be7 30. Nd5 Nxd5 31. Rxd5 g6 32. f5 gxf5 33. Rxf5 f6 34. Rh5 Nf8 35. Rd5 Kf7 36. Rh5 Kg7 37. Kf3 Ng6 38. Rd5 1/2-1/2

[Event "Porto San Giorgio op 23rd"]
[Site "Porto San Giorgio"]
[Date "2011.08.25"]
[Round "6"]
[White "Pierantozzi, Stanislao"]
[Black "Pienabarca, Nicola"]
[Result "1/2-1/2"]
[WhiteElo "1971"]
[BlackElo "2110"]
[PlyCount "64"]
[EventDate "2011.08.21"]
[EventType "swiss"]
[EventRounds "9"]
[EventCountry "ITA"]
[SourceTitle "CBM 144 Extra"]
[Source "ChessBase"]
[SourceDate "2011.10.28"]
[SourceVersion "1"]
[SourceVersionDate "2011.10.28"]
[SourceQuality "1"]

1. d4 Nf6 2. c4 g6 3. Nc3 d5 4. cxd5 Nxd5 5. e4 Nxc3 6. bxc3 Bg7 7. Bc4 c5 8. Be3 0-0 9. Ne2 Nc6 10. 0-0 Na5 11. Bd3 b6 12. Qd2 e5 13. dxc5 Be6 14. Rfd1 Qc7 15. cxb6 axb6 16. c4 Nxc4 17. Bxc4 Qxc4 18. Nc3 Rfc8 19. Nd5 Bxd5 20. exd5 Qc2 21. Qxc2 Rxc2 22. Bxb6 e4 23. Rab1 Bf6 24. a4 Rxa4 25. Be3 Ra8 26. g3 Be5 27. h4 Bd6 28. Rb6 Rd8 29. Bg5 Rd7 30. Rc6 Ra2 31. Bf6 Ra8 32. Kg2 Be7 1/2-1/2

[Event "Porto San Giorgio op 23rd"]
[Site "Porto San Giorgio"]
[Date "2011.08.21"]
[Round "1"]
[White "Almadori, Giovanni"]
[Black "Pierantozzi, Stanislao"]
[Result "0-1"]
[WhiteElo "1660"]
[BlackElo "1971"]
[PlyCount "93"]
[EventDate "2011.08.21"]
[EventType "swiss"]
[EventRounds "9"]
[EventCountry "ITA"]
[SourceTitle "CBM 144 Extra"]
[Source "ChessBase"]
[SourceDate "2011.10.28"]
[SourceVersion "1"]
[SourceVersionDate "2011.10.28"]
[SourceQuality "1"]

1. Nf3 Nf6 2. d4 b6 3. e3 Bb7 4. Bd3 e6 5. 0-0 Be7 6. Nbd2 d5 7. Ne5 c5 8. c3 0-0 9. Qe2 Nc6 10. f4 g6 11. Ndf3 Ne4 12. Nd2 f6 13. Nef3 Nxd2 14. Bxd2 Qd6 15. Rae1 f5 16. Ne5 Kg7 17. a3 Rfc8 18. Rc1 Nxe5 19. fxe5 Qd7 20. g4 Rg8 21. Kh1 Bc6 22. gxf5 gxf5 23. Rg1+ Kh8 24. Qh5 Raf8 25. Rcf1 Qe8 26. Be2 Qxh5 27. Bxh5 Be8 28. Rxg8+ Rxg8 29. Bxe8 Rxe8 30. Rg1 Rg8 31. b3 Rxg1+ 32. Kxg1 cxd4 33. exd4 Bxa3 34. b4 a5 35. Kf2 a4 36. Ke2 Bb2 37. Kd3 a3 38. Kc2 Kg7 39. Bf4 b5 40. Be3 Kg6 41. Bf4 Kh5 42. Be3 Kh4 43. c4 Kh3 44. Bf2 f4 45. Be1 Bxd4 46. Bc3 Bxc3 47. Kxc3 0-1

[Event "Civitanova Marche Region-ch"]
[Site "Civitanova Marche"]
[Date "2011.05.13"]
[Round "2"]
[White "Pierantozzi, Stanislao"]
[Black "Rinaudo, Andrea"]
[Result "1-0"]
[WhiteElo "1957"]
[BlackElo "2102"]
[PlyCount "87"]
[EventDate "2011.05.13"]
[EventType "swiss"]
[EventRounds "5"]
[EventCountry "ITA"]
[SourceTitle "EXT 2024"]
[Source "ChessBase"]
[SourceDate "2023.10.10"]
[SourceVersion "1"]
[SourceVersionDate "2023.10.10"]
[SourceQuality "1"]

1. d4 Nf6 2. c4 e6 3. Nf3 d5 4. Nc3 Nbd7 5. Bg5 Be7 6. e3 0-0 7. Rc1 h6 8. Bh4 a6 9. Bd3 dxc4 10. Bxc4 b5 11. Be2 Bb7 12. 0-0 c5 13. dxc5 g5 14. Bg3 Nxc5 15. b4 Nce4 16. Nxe4 Nxe4 17. a3 Nxg3 18. hxg3 Bf6 19. Nd4 Rc8 20. Rxc8 Qxc8 21. Bf3 Rd8 22. Bxb7 Qxb7 23. Qh5 Kg7 24. Nb3 Qd5 25. Nc5 a5 26. Qe2 axb4 27. axb4 Qc6 28. Rc1 Rc8 29. Qc2 Qd5 30. Ne4 Ra8 31. Nxf6 Kxf6 32. Qh7 Ra2 33. Qxh6+ Ke7 34. Rc7+ Kd6 35. Rxf7 Ra1+ 36. Kh2 Qd1 37. Qf8+ Ke5 38. Qg7+ Ke4 39. Qg6+ Ke5 40. Qxg5+ Ke4 41. Qg6+ Ke5 42. Qf6+ Kd6 43. Qf4+ Kd5 44. Rd7+ 1-0

[Event "Alba Adriatica op 2nd"]
[Site "Alba Adriatica"]
[Date "2009.06.01"]
[Round "4"]
[White "Pierantozzi, Stanislao"]
[Black "Piscitelli, Vito"]
[Result "0-1"]
[WhiteElo "1950"]
[BlackElo "2047"]
[PlyCount "108"]
[EventDate "2009.05.30"]
[EventType "swiss"]
[EventRounds "6"]
[EventCountry "ITA"]
[SourceTitle "EXT 2010"]
[Source "ChessBase"]
[SourceDate "2010.11.25"]
[SourceVersion "1"]
[SourceVersionDate "2010.11.25"]
[SourceQuality "1"]

1. d4 d5 2. c4 e6 3. Nf3 Nf6 4. Bg5 Nbd7 5. Nc3 c6 6. e3 Qa5 7. Bf4 Bb4 8. Qc2 Ne4 9. Rc1 Qxa2 10. Bd3 Nxc3 11. bxc3 Qxc2 12. Rxc2 Be7 13. 0-0 0-0 14. Ra1 dxc4 15. Bxc4 a6 16. Bd3 c5 17. Rb2 Nf6 18. c4 cxd4 19. exd4 Rd8 20. Be2 h6 21. h3 Bd6 22. Be3 Bc7 23. Nd2 Rb8 24. Rab1 b6 25. Nb3 Ne4 26. Bf3 Nd6 27. Be2 Nf5 28. Bf3 Kf8 29. Na5 Bd7 30. Nc6 Bxc6 31. Bxc6 Nxd4 32. Ba4 e5 33. Bd1 Nf5 34. Bd2 Kg8 35. Bf3 Nd6 36. Be2 Ne4 37. Be1 Nc5 38. Bf1 e4 39. Bd2 Be5 40. Ra2 Bd4 41. Bf4 Rb7 42. Bc1 Rc8 43. Rd2 Nd3 44. Rc2 Rbc7 45. Be3 Bxe3 46. fxe3 b5 47. Be2 Rxc4 48. Rd2 Rc1+ 49. Rd1 Rxb1 50. Rxb1 b4 51. Kf1 b3 52. Bxd3 exd3 53. Rxb3 Rc1+ 54. Kf2 d2 0-1

[Event "Porto Sant Elpidio op-A 9th"]
[Site "Porto Sant Elpidio"]
[Date "2006.11.18"]
[Round "1"]
[White "Pierantozzi, Stanislao"]
[Black "Bonoli, Luciano"]
[Result "1-0"]
[WhiteElo "2044"]
[BlackElo "1850"]
[PlyCount "67"]
[EventDate "2006.11.18"]
[EventType "swiss"]
[EventRounds "6"]
[EventCountry "ITA"]
[SourceTitle "EXT 2011"]
[Source "ChessBase"]
[SourceDate "2010.11.26"]
[SourceVersion "1"]
[SourceVersionDate "2010.11.26"]
[SourceQuality "1"]

1. d4 e5 2. dxe5 Nc6 3. Nf3 Qe7 4. Bf4 Qb4+ 5. Bd2 Qxb2 6. Nc3 Nb4 7. Nd4 c5 8. Rb1 Qa3 9. Ndb5 Qa5 10. Nd5 Kd8 11. e4 Qxa2 12. Bxb4 cxb4 13. Be2 Ne7 14. Nxb4 Qe6 15. Nd6 Nc6 16. Bg4 Qg6 17. Nxc6+ bxc6 18. Nxc8 Qxe4+ 19. Kf1 d5 20. Nd6 Bxd6 21. exd6 f5 22. Bf3 Qf4 23. Qc1 Qxd6 24. Qg5+ Qf6 25. Qxf6+ gxf6 26. g3 Kc7 27. Kg2 h5 28. Rhe1 Rh7 29. Re6 Rf8 30. Ra1 Kb7 31. c4 h4 32. cxd5 hxg3 33. dxc6+ Kc7 34. Rxa7+ 1-0

[Event "Catania weekend op 9th"]
[Site "Catania"]
[Date "2005.02.20"]
[Round "6"]
[White "Imbraguglia, Fabio"]
[Black "Pierantozzi, Stanislao"]
[Result "0-1"]
[WhiteElo "2036"]
[BlackElo "1814"]
[PlyCount "72"]
[EventDate "2005.02.12"]
[EventType "swiss"]
[EventRounds "6"]
[EventCountry "ITA"]
[SourceTitle "EXT 2007"]
[Source "ChessBase"]
[SourceDate "2006.11.23"]
[SourceVersion "1"]
[SourceVersionDate "2006.11.23"]
[SourceQuality "1"]

1. Nf3 Nf6 2. g3 d5 3. Bg2 Bf5 4. d3 e6 5. 0-0 Bd6 6. Nbd2 0-0 7. Nh4 Bg6 8. Nxg6 hxg6 9. e4 Nbd7 10. h3 c6 11. f4 e5 12. f5 gxf5 13. Rxf5 g6 14. Rf1 Kg7 15. c4 Bc5+ 16. Kh2 dxe4 17. Nxe4 Nxe4 18. dxe4 Bd4 19. Qf3 Qe7 20. h4 Rh8 21. Bh3 Rh7 22. Bg5 f6 23. Bd2 Rf8 24. Rad1 b6 25. b4 Rf7 26. a4 Nf8 27. Qb3 g5 28. hxg5 fxg5 29. g4 Ne6 30. Rf5 Nf4 31. Bxf4 gxf4 32. a5 Rf6 33. Rf1 Rg6 34. Kg2 Qh4 35. axb6 Rxg4+ 36. Kh2 Rg3 0-1

[Event "Catania weekend op 9th"]
[Site "Catania"]
[Date "2005.02.19"]
[Round "4"]
[White "Seminara, Antonio"]
[Black "Pierantozzi, Stanislao"]
[Result "0-1"]
[WhiteElo "1884"]
[BlackElo "1814"]
[PlyCount "84"]
[EventDate "2005.02.12"]
[EventType "swiss"]
[EventRounds "6"]
[EventCountry "ITA"]
[SourceTitle "EXT 2007"]
[Source "ChessBase"]
[SourceDate "2006.11.23"]
[SourceVersion "1"]
[SourceVersionDate "2006.11.23"]
[SourceQuality "1"]

1. d4 d5 2. Bg5 h6 3. Bh4 Bf5 4. e3 Nd7 5. Bd3 Bxd3 6. Qxd3 Ngf6 7. Nd2 e6 8. Ngf3 Be7 9. 0-0 0-0 10. c4 c5 11. Rac1 cxd4 12. Nxd4 Nc5 13. Qb1 Nfe4 14. Bxe7 Qxe7 15. Nxe4 Nxe4 16. Rfd1 Qh4 17. Qc2 Rac8 18. Nf3 Qf6 19. Qb3 Nc5 20. Qa3 Ne4 21. cxd5 Rxc1 22. Rxc1 exd5 23. Qb3 b6 24. h3 Nc5 25. Qc3 Qf5 26. b4 Ne6 27. Nd4 Nxd4 28. Qxd4 Re8 29. b5 Qd7 30. Rc6 Re4 31. Qd3 f5 32. Qc3 Re7 33. a4 Kh7 34. a5 bxa5 35. Qxa5 d4 36. exd4 Qxd4 37. b6 Re5 38. b7 Rxa5 39. b8Q Ra1+ 40. Kh2 Qxf2 41. Qe8 Qf4+ 42. g3 Qf2# 0-1

[Event "Porto Sant Elpidio op-B 5th"]
[Site "Porto Sant Elpidio"]
[Date "2002.11.10"]
[Round "5"]
[White "Baleani, Emanuele"]
[Black "Pierantozzi, Stanislao"]
[Result "1-0"]
[WhiteElo "1659"]
[BlackElo "1491"]
[PlyCount "139"]
[EventDate "2002.11.02"]
[EventType "swiss"]
[EventRounds "6"]
[EventCountry "ITA"]
[SourceTitle "EXT 2024"]
[Source "ChessBase"]
[SourceDate "2023.10.10"]
[SourceVersion "1"]
[SourceVersionDate "2023.10.10"]
[SourceQuality "1"]

1. e4 e5 2. Nf3 Nf6 3. Nxe5 d6 4. Nf3 Nxe4 5. d4 d5 6. Bd3 Bd6 7. 0-0 0-0 8. Re1 Nf6 9. c4 c6 10. Nc3 Bg4 11. Bg5 h6 12. Bxf6 Qxf6 13. cxd5 Bxf3 14. Qxf3 Qxf3 15. gxf3 cxd5 16. Nb5 Bf4 17. Re7 Nc6 18. Rxb7 Rab8 19. Rxb8 Rxb8 20. b3 a6 21. Nc3 Rd8 22. Ne2 Bg5 23. Bxa6 Bf6 24. Bb7 Na5 25. Ba6 Nc6 26. Rc1 Nb4 27. Bb5 Nxa2 28. Rc5 Nb4 29. h3 Kf8 30. Kf1 Rb8 31. Ba4 g5 32. Kg2 Rb7 33. Kg3 Ke7 34. f4 Kd6 35. Rc3 Re7 36. fxg5 hxg5 37. Kf3 Re4 38. Ng3 Rf4+ 39. Ke3 Bxd4+ 40. Kd2 Rxf2+ 41. Ke1 Nc2+ 42. Rxc2 Rxc2 43. Nf5+ Ke5 44. Nxd4 Kxd4 45. b4 Ke3 46. Bxc2 Kd4 47. b5 Kc5 48. Bd3 f5 49. Kf2 d4 50. Kf3 Kb6 51. Kg3 Kc5 52. h4 gxh4+ 53. Kxh4 Kb6 54. Kg5 Kc7 55. Kxf5 Kd6 56. Ke4 Kc5 57. Ke5 Kb6 58. Kxd4 Kc7 59. Kc5 Kb7 60. Kd6 Kb6 61. Kd7 Kb7 62. Be4+ Kb8 63. Bd3 Kb7 64. Kd8 Kb8 65. Bf5 Kb7 66. Bc8+ Kb6 67. Ba6 Ka7 68. Kc7 Ka8 69. Bb7+ Ka7 70. b6# 1-0